| 000 | 00398nam a2200169Ia 4500 | ||
|---|---|---|---|
| 005 | 20251020182549.0 | ||
| 008 | 200515s9999 xx 000 0 und d | ||
| 082 | _a990(99)/C18 | ||
| 100 | _aCALVO ROY, Antonio | ||
| 245 | 0 | _aLa Antártida : catedral del hielo | |
| 260 | _aSantafé de Bogotá, D.C. | ||
| 260 | _c1994 | ||
| 300 | _a147 | ||
| 650 | _aANTARTIDA | ||
| 650 | _aLIB | ||
| 942 | _cLIB | ||
| 999 |
_c2662 _d2662 |
||